[Event "4th Rome Open 2019"]
[Site "Rome"]
[Date "2019.12.14"]
[Round "8.2"]
[White "Smirnov, Anton"]
[Black "Evdokimov, Alexander A."]
[Result "1/2-1/2"]
[WhiteElo "2585"]
[BlackElo "2472"]
[Annotator "TA"]
[PlyCount "173"]
[EventDate "2019.12.08"]
[EventType "swiss"]
[EventCountry "ITA"]
[SourceTitle "playchess.com"]
[Source "ChessBase"]
[SourceQuality "1"]

{[%evp 21,173,25,33,37,73,64,78,67,87,84,69,79,83,65,110,81,56,33,40,23,28,0,9,0,0,0,0,-32,0,0,0,-22,-12,-23,-43,-93,-95,-108,-102,-95,-92,-99,-96,-108,-75,-83,-83,-87,-78,-122,-82,-87,-79,-79,-27,-81,-20,-29,0,-40,-28,-43,0,0,-5,-17,-25,-34,-38,-33,0,0,0,0,0,0,0,0,0,0,0,0,0,0,0,0,0,0,0,0,0,0,0,0,0,0,0,-26,-33,-39,-43,-58,-65,-74,-8,-8,22,22,22,22,22,22,22,22,22,22,22,22,22,22,22,22,22,22,22,22,22,0,22,22,22,22,22,22,22,22,22,22,22,22,22,22,24,22,22,22,22,22,22,22,22,-8,-8,-8]} 1. e4 c5 2. Nf3 d6 3. d4 cxd4 4. Nxd4 Nf6 5. Nc3 Nc6 6. f3 e5 7. Nb3 Be6 8. Nd5 Bxd5 9. exd5 Nb8 10. Be3 Be7 11. Qd2 O-O 12. g4 {B56: Classical Sicilian: Unusual Lines} Qc8 $146 ({Predecessor:} 12... Nbd7 13. g5 Nh5 14. O-O-O f5 15. gxf6 Rxf6 16. Kb1 Nf4 17. Rg1 Nf8 18. Qb4 b6 19. Nd2 N8g6 {½-½ (60) Svidler,P (2726)-Karpov,A (2644) Odessa 2009}) 13. h4 Bd8 14. O-O-O {White is better.} Bb6 15. Bxb6 axb6 16. Kb1 Ra4 17. h5 Nfd7 18. g5 Rf4 19. Qf2 Qd8 20. Qg3 Nc5 21. Nd2 Nba6 {[%cal Bb8a6,Ba6c7,Bc7d5,Bd5e3][%mdl 32]} 22. Be2 Qd7 23. a3 Qa4 24. g6 h6 25. gxf7+ R8xf7 26. c3 Nc7 27. Qg6 Nxd5 28. Qxd6 Ne3 $36 {[%mdl 2048] Keeping White busy.} 29. Qd8+ Rf8 30. Qxb6 Qc2+ 31. Ka2 Na4 {( -> ...Nxc3+)} 32. Qe6+ {[#]} Kh8 $1 {[%csl Ga4][%cal Rc2b2][%mdl 512]} 33. Qb3 Qxb3+ 34. Nxb3 Nxd1 35. Rxd1 e4 36. fxe4 Rxe4 37. Bb5 Nb6 (37... Rh4 $17) 38. Rd6 (38. Nc5 $11 Re5 39. b4) 38... Nc8 (38... Nc4 $17 39. Rd5 Rf2 $1 {[%mdl 512]} 40. Bxc4 Rxc4) 39. Rd5 Nb6 40. Rc5 Rc8 41. Rf5 Kg8 42. Nc5 Re7 43. Nxb7 {[%mdl 64] Remove Defender} Rxb7 44. Ba6 Rbc7 45. Bxc8 Nxc8 $15 {[%mdl 4096] Endgame KRN-KR} 46. a4 {[#]} g6 $1 47. hxg6 Kg7 48. Rf3 Kxg6 49. b4 h5 50. Kb3 h4 51. c4 Rh7 {Hoping for ...h3.} 52. Rh3 Kf5 53. b5 Ke5 54. c5 Kd4 55. Kb4 Ne7 {White must now prevent ...Nd5+.} 56. b6 Kd5 57. Rd3+ Ke4 58. Rd1 {Kb5 is the strong threat.} h3 {Strongly threatening ...h2.} 59. Re1+ Kd5 {And now ...Kc6 would win.} 60. Kb5 Nc6 61. Rd1+ Nd4+ 62. Ka6 {[#]} Kxc5 (62... Rh6 $1 $17 63. c6 Rxc6) 63. Rc1+ $1 $11 Kb4 (63... Kd5 $5 64. b7 $8 Rh8 $15) 64. b7 Rxb7 65. Kxb7 {KR-KN} h2 66. Rh1 Nf3 67. Kc6 Kxa4 68. Kd5 Kb4 69. Ke4 Nd2+ 70. Ke3 Nc4+ 71. Kf4 Kc5 72. Rxh2 Kd4 73. Rh1 $1 Ne3 74. Rh2 {Threatening mate with Rd2+.} Nd5+ (74... Nc4 {with more complications.}) 75. Kf3 Kd3 76. Rh4 Nc3 77. Kf4 Kd4 78. Kf5+ Kd5 79. Rh8 Kd4 80. Rd8+ Kc4 81. Ke5 Ne2 82. Rd2 Nc3 {The position is equal.} 83. Rd4+ Kc5 84. Rh4 Nb5 85. Rh8 Nd6 86. Rd8 Nf7+ 87. Ke4 {Accuracy: White = 68%, Black = 69%.} 1/2-1/2

[Event "4th Rome Open 2019"]
[Site "Rome"]
[Date "2019.12.14"]
[Round "8.3"]
[White "Vavulin, Maxim"]
[Black "Kollars, Dmitrij"]
[Result "0-1"]
[WhiteElo "2556"]
[BlackElo "2584"]
[Annotator "TA"]
[PlyCount "138"]
[EventDate "2019.12.08"]
[EventType "swiss"]
[EventCountry "ITA"]
[SourceTitle "playchess.com"]
[Source "ChessBase"]
[SourceQuality "1"]

{[%evp 23,138,19,14,15,8,16,9,10,6,9,12,0,0,-19,-14,-23,-6,-7,-8,-28,-22,-29,0,-12,-10,-21,0,0,54,56,55,53,49,46,83,71,118,113,104,63,63,63,72,66,129,79,64,68,69,90,84,65,66,91,109,0,0,0,0,0,0,0,12,0,0,0,0,0,0,0,0,0,0,0,0,-44,-14,-177,-126,-364,-131,-145,0,-278,-43,-422,-372,-317,-244,-242,-172,-267,-89,-395,-230,-304,-136,-700,-688,-1175,-1167,-1043,-1020,-2894,-2626,-12839,-9258,-12843,-12843,-12845,-12845,-12846,-12846,-12847,-12847,-12847,-12845]} 1. e4 e5 2. Nf3 Nc6 3. Bb5 a6 4. Ba4 Nf6 5. Qe2 Be7 6. c3 b5 7. Bb3 O-O 8. d4 d6 9. O-O Bg4 10. Rd1 exd4 11. cxd4 d5 12. e5 Ne4 13. h3 {C86: Closed Ruy Lopez: Worrall Attack} Bh5 14. Nc3 (14. Be3 Qd7 15. Nbd2 Nxd2 16. Rxd2 Na5 17. Bd1 Nc4 18. Rc2 Rac8 19. b3 Nxe3 20. Qxe3 Bg6 {1-0 (31) Mamedov,R (2650)-Vidit,S (2707) Hengshui 2019}) 14... Nxc3 15. bxc3 {The position is equal.} Na5 16. Bc2 Nc4 17. g4 $146 ({Predecessor:} 17. a4 Qd7 18. axb5 axb5 19. Bf4 Qe6 20. Bd3 c6 21. Kh2 Bg6 22. Bxg6 Qxg6 23. Ra2 Qf5 24. Bg3 Ra4 25. e6 fxe6 {0-1 (59) Schneider,J (2239)-Sieber,F (2228) Wuerzburg 2019}) 17... Bg6 18. Kg2 Bxc2 19. Qxc2 Qd7 20. Re1 $1 a5 21. Ng5 Bxg5 $1 22. Bxg5 Ra6 23. Re2 Rg6 24. Bh4 h5 25. f3 c5 (25... b4 $11) 26. dxc5 $14 Qc6 27. Qd3 Qxc5 28. Rd1 Re8 29. Bf2 Qc8 30. Qxd5 Rge6 {[%cal Re6e5]} 31. Bd4 (31. gxh5 $6 Rxe5 32. Rxe5 Rxe5 $11) 31... b4 32. cxb4 (32. gxh5 Rd8 $15) 32... axb4 33. Rc1 ({But not} 33. gxh5 Rd8 $11) 33... Rc6 (33... Nb6 $14 34. Rxc8 Nxd5 35. Rxe8+ Rxe8) 34. Rce1 Rd8 35. Qe4 Na3 36. Bf2 (36. gxh5 Rc4 $11) 36... Rc4 37. Qf5 Qxf5 38. gxf5 Rf4 39. Bc5 ({White should play} 39. e6 $16 Rxf5 40. Bb6) 39... Rxf5 $11 40. Bxb4 Rd3 $36 {[%mdl 2048] Black has the initiative.} 41. Rf2 Nc4 42. f4 g5 43. Rc1 Ne3+ 44. Kf3 Rxf4+ 45. Ke2 Rxf2+ 46. Kxd3 {[%mdl 4096] Endgame KRB-KRN} Nd5 47. Bd2 Nf4+ 48. Kc2 Ne6 49. Kc3 Rh2 50. Rg1 $2 (50. Bxg5 $11 {and White stays safe.} Rxh3+ 51. Kc2) 50... Rxh3+ $19 51. Kb4 $2 (51. Kc4 $17) 51... Rh4+ $2 (51... g4 $19 {White must now prevent ...Rd3.} 52. a4 Rh2) 52. Kc3 $17 {[#]} Rh3+ (52... g4 $1 $17 53. a4 Kg7) 53. Kb4 $1 $19 Rh2 $2 (53... g4 $19 {Threatens to win with ...Rd3.} 54. a4 Rd3) 54. Rd1 $2 {[%mdl 8192]} (54. Bxg5 $15 Rxa2 55. Bh4+ Kh8 56. Rh1) 54... Re2 55. a4 {and the idea a5 leaves White hopeful.} Re4+ ({Don't do} 55... Rxe5 56. a5 $19) 56. Kb5 Rxe5+ 57. Kc6 (57. Kb6 $142) 57... Rc5+ $2 (57... Nd4+ $19 58. Kb6 g4) 58. Kd6 $2 {[%mdl 8192]} (58. Kb6 $17) 58... g4 (58... Rc8 $142 59. a5 g4) 59. a5 {[#]} Rc2 (59... Rc8 $1 $19 {and Black stays clearly on top. aiming for ...g3.} 60. a6 Ra8) 60. Be3 $2 {[%mdl 8192]} (60. Be1 $17) 60... Ra2 {Black is clearly winning.} 61. Rd5 h4 62. Rh5 h3 63. Rh4 h2 64. Kc6 g3 65. Kb6 Ra1 66. a6 h1=Q 67. Rxh1 Rxh1 68. a7 Ra1 69. Kb7 f5 {Accuracy: White = 31%, Black = 41%.} 0-1

[Event "4th Rome Open 2019"]
[Site "Rome"]
[Date "2019.12.15"]
[Round "9.1"]
[White "Kollars, Dmitrij"]
[Black "Mikaelyan, Arman"]
[Result "1-0"]
[WhiteElo "2584"]
[BlackElo "2467"]
[Annotator "TA"]
[PlyCount "67"]
[EventDate "2019.12.08"]
[EventType "swiss"]
[EventCountry "ITA"]
[SourceTitle "playchess.com"]
[Source "ChessBase"]
[SourceQuality "1"]

{[%evp 17,73,25,18,1,41,9,30,27,37,43,55,50,64,55,65,50,104,112,99,101,117,111,145,119,122,114,210,209,190,194,231,241,331,338,736,483,456,367,355,340,1170,140,1158,1148,2825,1615,1555,1498,1370,1428,1224,0,29995,29996,29996,29997,29997,29998]} 1. e4 c5 2. Nf3 Nc6 3. Bb5 g6 4. Bxc6 bxc6 5. O-O Bg7 6. Re1 Nh6 7. c3 O-O 8. d4 cxd4 9. cxd4 d5 10. e5 {B31: Sicilian: 2...Nc6 3 Bb5 g6} f6 11. Nbd2 {[%cal Bb1d2,Bd2b3,Bb3c5][%mdl 32]} (11. exf6 exf6 12. Nbd2 Re8 13. Nb3 Rxe1+ 14. Qxe1 Nf5 15. Bd2 Bd7 16. Nc5 Qc7 17. Rc1 Re8 {½-½ (48) Aronian,L (2758)-Le,Q (2708) Khanty-Mansiysk 2019}) 11... Nf7 12. e6 {White has an edge.} Nd6 13. Qc2 Qb6 14. Nb3 Ne4 15. Nc5 f5 16. b3 $146 ({Predecessor:} 16. Rb1 h6 17. Bf4 Re8 {1-0 (53) Higatsberger,M (2121)-Schaefer,M (2222) Bregenz 2017}) 16... Bf6 (16... a5 $14) 17. Bh6 $16 Rd8 18. Rac1 Qb4 19. Bf4 a5 20. Bc7 Re8 21. Nd3 (21. Nxe4 $6 dxe4 22. Ne5 Bg5 $11) 21... Qa3 (21... Qb7 $16 {keeps fighting.}) 22. Qxc6 $18 Ba6 23. Nc5 Nxc5 24. Rxc5 {[%mdl 64] [#] Double Attack} (24. Qxc5 $6 Qxa2 25. Be5 (25. Qxa5 Qxa5 26. Bxa5 Rab8 $11) (25. Qxd5 a4 $11) 25... Bxe5 $16) 24... Rec8 25. Qd7 ({Worse is} 25. Rxd5 Qxa2 26. Qd7 Bb7 $14) 25... Bd3 $2 (25... Qb4 26. Bxa5 (26. Rxa5 Rxc7 27. Rxa6 Rxa6 $14) (26. Rxd5 a4 $16) 26... Qa3) 26. Rxa5 Qb4 27. Rxa8 Rxa8 28. Qxd5 Rxa2 $2 (28... Rf8 29. Qc5 Qxc5 30. dxc5 Kg7) 29. Qd8+ Kg7 30. Qe8 Be2 31. Qf7+ Kh6 32. Bf4+ g5 33. Qf8+ Kh5 {[#]} 34. Qg8 {Played: Qf8-f7} 1-0

[Event "4th Rome Open 2019"]
[Site "Rome"]
[Date "2019.12.15"]
[Round "9.2"]
[White "Fier, Alexandr"]
[Black "Smirnov, Anton"]
[Result "1/2-1/2"]
[WhiteElo "2528"]
[BlackElo "2585"]
[Annotator "TA"]
[PlyCount "141"]
[EventDate "2019.12.08"]
[EventType "swiss"]
[EventCountry "ITA"]
[SourceTitle "playchess.com"]
[Source "ChessBase"]
[SourceQuality "1"]

{[%evp 21,140,24,32,0,19,16,23,20,55,56,60,61,54,75,53,45,43,36,64,41,53,50,48,50,61,42,49,20,27,25,25,25,25,28,26,12,16,0,0,0,9,16,20,2,3,0,0,0,0,0,2,2,2,0,37,37,37,37,37,37,37,37,61,39,39,39,66,54,59,39,75,75,75,75,75,75,75,75,75,75,75,75,75,75,121,121,121,121,121,121,121,121,121,121,121,121,121,121,121,121,121,121,121,75,121,121,121,121,121,121,307,307,307,299,299,299,299,299,299,0,0]} 1. d4 d5 2. c4 c6 3. Nf3 Nf6 4. Nc3 e6 5. e3 Nbd7 6. Qc2 Bd6 7. Bd3 O-O 8. O-O dxc4 9. Bxc4 b5 10. Be2 Qe7 11. Rd1 a6 12. Ng5 {D46: Semi-Slav: 5 e3 Nbd7 6 Bd3, Black avoids the Meran} Bb7 13. Nce4 Nxe4 14. Nxe4 {White has an edge.} c5 $146 ({Predecessor:} 14... Bc7 15. Bd2 f5 16. Ng3 c5 17. dxc5 Nxc5 18. Bb4 Bb6 19. a4 f4 {½-½ (69) Mikhalchishin,A (2513)-Zupe,M (2338) Slovenia 2011}) 15. Nxd6 Qxd6 16. dxc5 Qxc5 17. Qxc5 Nxc5 18. Bd2 Rfc8 19. Rac1 Bd5 20. b3 f5 21. f3 Rc6 22. h3 Rac8 23. g4 g6 24. Kf2 Kf7 25. Kg3 e5 26. Bb4 Ke6 27. Kh4 Nb7 28. Rxc6+ Rxc6 29. gxf5+ gxf5 30. Rd2 Rc1 31. Kg3 e4 32. fxe4 Bxe4 33. a4 bxa4 34. bxa4 a5 $1 {[%cal Ra5b4]} 35. Bf8 Rc8 36. Bg7 Nd6 $132 {[%mdl 2048] [#] White must now prevent ...Rg8. Black puts up resistance} 37. Kf4 Rc2 (37... Nc4 $5 {[%cal Rc4d2]} 38. Rd4 Nb6 $11) 38. Rxc2 Bxc2 $14 {[%mdl 4096] Endgame KBB-KBN} 39. Bc3 Bxa4 40. Bxa5 Bb5 41. Bd1 Bc6 42. h4 Be4 43. Bb4 Nf7 44. Bc3 Nd6 45. Bd4 Nf7 46. Bb3+ Ke7 47. Bb2 Bd3 48. Bd5 Be4 49. Bc4 Bc2 50. Ba6 Be4 51. Bc8 Bb1 52. Bd4 Be4 53. Bxf5 Bxf5 54. Kxf5 $16 {[#] And now Bc5+ would win. KB-KN} Nd6+ 55. Ke5 {Hoping for Bc5!} Nf7+ 56. Kd5 Nd8 57. e4 Ne6 58. Ke5 Kf7 59. Be3 Nf8 60. Kf5 Ne6 61. Bb6 Ke7 62. h5 Kf7 63. h6 Ke7 64. Ke5 Ng5 65. Be3 Nxe4 $2 (65... Nf7+ $16 {was worth a try.} 66. Kd5 Kf6) 66. Kxe4 {KB-KP} Kf7 67. Kf5 Kg8 68. Ke6 Kh8 69. Bd4+ Kg8 70. Bh8 $2 (70. Bb2 $18) 70... Kxh8 $11 71. Kf7 {Accuracy: White = 58%, Black = 62%.} 1/2-1/2

[Event "4th Rome Open 2019"]
[Site "Rome"]
[Date "2019.12.15"]
[Round "9.3"]
[White "Evdokimov, Alexander A."]
[Black "Vorobiov, Evgeny E."]
[Result "1-0"]
[WhiteElo "2472"]
[BlackElo "2554"]
[Annotator "TA"]
[PlyCount "61"]
[EventDate "2019.12.08"]
[EventType "swiss"]
[EventCountry "ITA"]
[SourceTitle "playchess.com"]
[Source "ChessBase"]
[SourceQuality "1"]

{[%evp 12,69,24,19,15,14,28,-4,8,0,0,11,29,-10,0,0,0,22,18,7,35,0,30,-6,-6,-13,45,-20,238,238,300,301,300,314,732,451,425,355,1197,0,409,0,1068,555,802,630,587,0,886,893,790,362,363,359,349,343,854,851,974,724]} 1. d4 Nf6 2. c4 e6 3. Nf3 d5 4. g3 dxc4 5. Bg2 Bb4+ 6. Bd2 a5 7. O-O O-O {E04: Open Catalan: 5 Nf3} 8. Bg5 (8. Qc2 Bxd2 9. Nbxd2 b5 10. a4 c6 11. b3 cxb3 12. Nxb3 b4 13. e4 Nbd7 14. h4 h6 15. e5 {½-½ (93) Abasov,N (2632)-Piorun,K (2660) Khanty-Mansiysk 2019}) 8... b5 9. a4 (9. Bxf6 $5 gxf6 10. a4 $11) 9... c6 {The position is equal.} 10. Ne5 {Black must now prevent axb5.} Ra6 11. Nc3 Rb6 12. Ne4 $146 ({Predecessor:} 12. e4 h6 13. Be3 Rb7 14. Qc1 Nfd7 15. Nxd7 Bxd7 {½-½ (48) Friedel,J (2502)-Sevian,S (2373) Richardson 2013}) 12... Be7 13. Nc5 h6 14. Bf4 Nd5 15. Bd2 $36 {[%mdl 2048] White has good play.} Nb4 16. Bc3 {[%mdl 1024] White has compensation.} Qc7 17. e4 N8a6 18. Qh5 Bd6 (18... Nxc5 $11 19. dxc5 Ra6) 19. Ng4 (19. Nxa6 $14 Bxa6 20. Ng4) 19... f5 $2 {[%mdl 8192]} (19... e5 $1 $11 20. Nxa6 Bxg4 21. Qxg4 Rxa6) 20. exf5 $18 exf5 {[#]} 21. Nxh6+ $1 {[%mdl 512]} gxh6 22. Qg6+ ({Resist} 22. Qxh6 $6 Nd5 $18) 22... Kh8 $2 (22... Qg7 23. Qxd6 Qf6 24. Qxf6 Rxf6) 23. Qxh6+ Kg8 24. Qg6+ Kh8 $2 (24... Qg7 25. Qxd6 Qf6) 25. Qh6+ (25. d5+ $142 Be5 26. d6) 25... Kg8 26. Qg6+ (26. Nxa6 $142 Rxa6 27. Rfe1 (27. axb5 cxb5 28. Rxa5 Qg7 $11)) 26... Kh8 27. axb5 Rxb5 28. Qh6+ Kg8 29. Qg6+ (29. Nxa6 $142 Bxa6 30. Rfe1 {[%mdl 64] Decoy}) 29... Kh8 30. d5+ Be5 {[#]} 31. Nd7 {Played: Nc5-e6} 1-0